Oživenie malajzijskej ekonomiky brzdia reštriktívne opatrenia

Ekonomika Malajzie sa po finančnej kríze v roku 1997 začína stabilizovať. Škodlivé reštrikcie vlády na pohyb zahraničného kapitálu. Situácia v malajzijskom bankovom sektore. Pevná vláda premiéra Mohamada Mahathira.

Salvato in:
Dettagli Bibliografici
Autore principale: Tomek, Radoslav
Natura: Capitolo di libro
Lingua:slovacco
Soggetti:
Tags: Aggiungi Tag
Nessun Tag, puoi essere il primo ad aggiungerne!!

MARC

LEADER 00000naa a2200000 4500
001 r035672
005 20230824101814.2
041 0 |a slo 
044 |a SK 
245 1 0 |a Oživenie malajzijskej ekonomiky brzdia reštriktívne opatrenia  |c Radoslav Tomek 
520 |a Ekonomika Malajzie sa po finančnej kríze v roku 1997 začína stabilizovať. Škodlivé reštrikcie vlády na pohyb zahraničného kapitálu. Situácia v malajzijskom bankovom sektore. Pevná vláda premiéra Mohamada Mahathira. 
610 2 0 |a situácia hospodárska 
610 2 0 |a rozvoj hospodársky 
610 2 0 |a Malajzia 
610 2 0 |a kríza finančná 
610 2 0 |a 1997 
610 2 0 |a stabilizácia hospodárstva 
610 2 0 |a úverovanie 
610 2 0 |a bankovníctvo 
610 2 0 |a produkt domáci hrubý 
610 2 0 |a pohyb kapitálu 
610 2 0 |a vlády 
610 2 0 |a 1999 
100 1 |a Tomek, Radoslav